00694nam a2200169 a 4500001001000000005001700010008004100027041000800068044000700076084002100083245026400104260003900368300001700407500005400424500000900478651003700487BRCA_506120190320204925.0081110s1837----gw-#######---#000-0#ger-# ager agw aF1211b.M49 183710aMexicanische zustände aus den Jahren 1830 bis 1832. Vom verfasser der ´Briefe in die heimath, geschrieben zwischen october 1829 und märz 1830, während einer reise über Frankreich, England und die Vereinigten Staaten von Nordamerica nach Mexico …´. aStuttgart : AugsburgobCottac1837 a2 v.c21 cm. aEstado físico : algunas hojas presentan manchas aD150 4aMéxicoxDescripción y viajes